100 Biggest Cities of the Netherlands on a Map - Statistics

General Stats
  • This quiz has been taken 1,008 times
    924 since last reset
  • The average score is 46 of 100
Answers on the Map
Answers color-coded by a green-red scale on the quiz's map according to % correct below.
 
Answer Stats
Population City % Correct
1,136,210 Amsterdam
98%
868,135 Rotterdam
98%
851,010 The Hague
95%
218,105 Groningen
92%
396,315 Utrecht
92%
320,365 Eindhoven
91%
116,630 Maastricht
88%
208,270 Haarlem
80%
154,855 Breda
78%
218,130 Tilburg
77%
190,675 Arnhem
73%
160,960 Nijmegen
73%
125,820 Zwolle
73%
186,690 Almere
72%
165,545 's-Hertogenbosch
72%
273,720 Leiden
71%
149,315 Enschede
69%
103,470 Alkmaar
68%
144,260 Apeldoorn
66%
224,440 Dordrecht
66%
97,070 Leeuwarden
66%
83,970 Venlo
65%
155,600 Amersfoort
63%
75,825 Lelystad
61%
40,300 Middelburg
60%
78,585 Gouda
59%
136,660 Willemstad
59%
68,015 Almelo
56%
40,970 Den Helder
56%
52,510 Emmen
56%
31,980 Heerenveen
55%
67,500 Assen
54%
170,030 Heerlen
53%
63,665 Bergen op Zoom
51%
89,640 Deventer
50%
56,070 Hengelo
50%
86,645 Hilversum
50%
37,730 Sittard
50%
128,360 Zoetermeer
50%
43,550 Vlissingen
49%
73,615 Hoorn
48%
66,055 Roosendaal
48%
74,155 Ede
47%
67,760 Oss / Berghem
46%
48,085 Roermond
46%
86,815 Helmond
45%
119,430 IJmond
45%
34,015 Sneek
45%
31,830 Goes
44%
30,415 Kerkrade
44%
83,990 Purmerend
41%
30,185 Venray
40%
56,150 Waalwijk
40%
42,285 Doetinchem
39%
31,245 Geleen
39%
34,130 Harderwijk
39%
44,235 Kampen
39%
77,465 Hoofddorp
38%
36,865 Wageningen
37%
43,945 Drachten
36%
36,825 Gorinchem
36%
52,970 Zeist
36%
44,025 Zutphen
36%
39,330 Weert
35%
40,755 Hoogeveen
34%
29,955 Meppel
34%
75,880 Heerhugowaard
33%
63,540 Nieuwegein
33%
39,290 Tiel
33%
67,470 Veenendaal
33%
71,780 Spijkenisse
32%
50,140 Oosterhout
31%
37,925 Soest
31%
37,470 Woerden
31%
72,780 Alphen aan den Rijn
30%
46,350 Houten
30%
46,485 Huizen
30%
55,520 Barendrecht
29%
30,905 Oldenzaal
29%
37,680 Uden
29%
32,810 Barneveld
28%
28,755 Best
28%
49,105 Bussum
27%
41,680 Etten-Leur
27%
27,575 Nijkerk
27%
35,105 Wijchen
27%
33,150 IJsselstein
25%
36,730 Bilthoven
24%
36,680 Hellevoetsluis
24%
28,685 Hoogezand / Sappemeer
23%
33,815 Maassluis
23%
35,055 Ridderkerk
23%
28,100 Culemborg
22%
27,935 Rijssen
21%
28,740 Waddinxveen
19%
27,650 Naaldwijk / Honselersdijk
18%
30,665 Nieuw-Vennep
18%
35,180 Hoogvliet
17%
48,835 Berkel
16%
29,265 Edam-Volendam
12%
No matching quizzes found
Score Distribution
Percent of People with Each Score
Percentile by Number Answered
Your Score History
You have not taken this quiz since the last reset